Loading...
| History - World | 0 | 4 | 0 | 2 | 40 | 68 | 107.75 | 1 | 1 | 0.00 | 0.00 |
| History - European | 1 | 1 | 0 | 1 | 25 | 59 | 93.00 | 0 | 1 | 0.00 | 0.00 |
| Beliefs | 0 | 2 | 0 | 1 | 20 | 102 | 116.00 | 0 | 1 | 0.00 | 0.00 |
| Other Science: Earth Science | 0 | 2 | 0 | 0 | 20 | 72 | 94.50 | 1 | 1 | 0.00 | 0.00 |
| Science - Physics | 0 | 2 | 0 | 1 | 20 | 81 | 110.50 | 0 | 2 | 0.00 | 0.00 |
| Science - Biology | 1 | 0 | 0 | 0 | 15 | 59 | 59.00 | 1 | 1 | 0.00 | 0.00 |
| Fine Arts - Auditory | 1 | 0 | 0 | 0 | 15 | 52 | 52.00 | 0 | 1 | 0.00 | 0.00 |
| Ancient History and Archaeology | 0 | 1 | 0 | 0 | 10 | 88 | 88.00 | 0 | 1 | 0.00 | 0.00 |
| Literature - American | 0 | 1 | 0 | 0 | 10 | 98 | 98.00 | 0 | 1 | 0.00 | 0.00 |
| Other Arts: Visual | 0 | 1 | 0 | 0 | 10 | 91 | 91.00 | 0 | 1 | 0.00 | 0.00 |
| Other Science: Astronomy | 0 | 1 | 0 | 0 | 10 | 94 | 94.00 | 0 | 1 | 0.00 | 0.00 |
| Science - Chemistry | 0 | 1 | 0 | 1 | 10 | 125 | 125.00 | 0 | 1 | 0.00 | 0.00 |
| History - American | 0 | 1 | 1 | 0 | 5 | 74 | 74.00 | 0 | 1 | 0.00 | 0.00 |
| World and Other Literature | 0 | 0 | 1 | 0 | -5 | 0.00 | 0 | 0 | 0.00 | 0.00 | |
| 0 | 0 | 1 | 0 | -5 | 0.00 | 0 | 0 | 0.00 | 0.00 |